000 00661nam a2200241Ia 4500
005 20260430150518.0
008 008 250103s9999 xx 000 0 eng d
037 _aTheses
040 _aCRL
040 _beng
040 _ceng
041 _2eng
041 _aeng
084 _qCRL
100 _aShukla Shipra Au.; Behera Navnita Chadha Gu.
_91237720
245 0 _aFeminist Readings of Secession: Exploring Alternate Trajectorie
260 _c2023
300 _a160p.
650 _aPolitical Science
700 _aUniversity of Delhi. Faculty of Social Science. Deptt.of Political Science
_91237721
942 _cTH
999 _c1849960
_d1849960